<?xml version="1.0" encoding="UTF-8"?>
<record
    xmlns:xsi="http://www.w3.org/2001/XMLSchema-instance"
    xsi:schemaLocation="http://www.loc.gov/MARC21/slim http://www.loc.gov/standards/marcxml/schema/MARC21slim.xsd"
    xmlns="http://www.loc.gov/MARC21/slim">

  <leader>03499njm a2200565Ia 4500</leader>
  <controlfield tag="001">24098</controlfield>
  <controlfield tag="003">IT-RoPAU</controlfield>
  <controlfield tag="005">20220918181201.0</controlfield>
  <controlfield tag="008">131025s9999    xx            000 0 und d</controlfield>
  <datafield tag="040" ind1=" " ind2=" ">
    <subfield code="a">IT-RoPAU</subfield>
  </datafield>
  <datafield tag="040" ind1=" " ind2=" ">
    <subfield code="c">IT-RoPAU</subfield>
  </datafield>
  <datafield tag="041" ind1=" " ind2=" ">
    <subfield code="a">ITALIANO</subfield>
  </datafield>
  <datafield tag="999" ind1=" " ind2=" ">
    <subfield code="c">103002</subfield>
    <subfield code="d">103002</subfield>
  </datafield>
  <datafield tag="999" ind1=" " ind2=" ">
    <subfield code="b">n.d.</subfield>
  </datafield>
  <datafield tag="100" ind1=" " ind2=" ">
    <subfield code="a">AA.VV.</subfield>
    <subfield code="9">794</subfield>
  </datafield>
  <datafield tag="100" ind1=" " ind2=" ">
    <subfield code="e">Autore musica</subfield>
    <subfield code="9">8753</subfield>
  </datafield>
  <datafield tag="100" ind1=" " ind2=" ">
    <subfield code="g">Codice autore musica SPICS: 12000</subfield>
    <subfield code="9">796</subfield>
  </datafield>
  <datafield tag="245" ind1=" " ind2=" ">
    <subfield code="a">Stasera ballo liscio</subfield>
  </datafield>
  <datafield tag="250" ind1=" " ind2=" ">
    <subfield code="a">1a ed.</subfield>
  </datafield>
  <datafield tag="260" ind1=" " ind2=" ">
    <subfield code="a">MILANO</subfield>
  </datafield>
  <datafield tag="260" ind1=" " ind2=" ">
    <subfield code="b">CBS - SUGAR</subfield>
    <subfield code="c">1973 [1a Ed.:1973]</subfield>
  </datafield>
  <datafield tag="300" ind1=" " ind2=" ">
    <subfield code="a">DISCO</subfield>
  </datafield>
  <datafield tag="500" ind1=" " ind2=" ">
    <subfield code="a">Musica leggera. Canzone italiana</subfield>
  </datafield>
  <datafield tag="505" ind1=" " ind2=" ">
    <subfield code="a">Dinah (introduzione) - Tango delle capinere - Incantesimo - Tipi tipitin - Creola - Catalinetta bella (Cicci) - La spagnola - Miniera - Ti parler&#xF2; d'amor - Tango delle rose - Notte senza luna - La mazurka di Carolina - La violetera - Lucciole vagabonde</subfield>
  </datafield>
  <datafield tag="511" ind1=" " ind2=" ">
    <subfield code="a">Direttore d'orchestra: Angiolini Renato</subfield>
  </datafield>
  <datafield tag="650" ind1=" " ind2=" ">
    <subfield code="a">CANZONE ITALIAN [DISCHI]</subfield>
    <subfield code="e">Codice MATERIA SPICS: 9950</subfield>
    <subfield code="9">8754</subfield>
  </datafield>
  <datafield tag="700" ind1=" " ind2=" ">
    <subfield code="a">Cinquetti Gigliola</subfield>
    <subfield code="g">Codice interprete SPICS: 10827</subfield>
    <subfield code="e">Interprete</subfield>
    <subfield code="9">8755</subfield>
  </datafield>
  <datafield tag="700" ind1=" " ind2=" ">
    <subfield code="a">Akst H.</subfield>
    <subfield code="g">Codice autore musica SPICS: 26654</subfield>
    <subfield code="e">Autore musica</subfield>
    <subfield code="p">Dinah</subfield>
    <subfield code="9">8756</subfield>
  </datafield>
  <datafield tag="700" ind1=" " ind2=" ">
    <subfield code="a">Bixio Cesare Andrea</subfield>
    <subfield code="g">Codice autore musica SPICS: 13441</subfield>
    <subfield code="e">Autore musica</subfield>
    <subfield code="p">Tango delle capinere - Miniera - Lucciole vagabonde</subfield>
    <subfield code="9">8757</subfield>
  </datafield>
  <datafield tag="700" ind1=" " ind2=" ">
    <subfield code="a">Cherubini Bixio</subfield>
    <subfield code="g">Codice autore testo/musica SPICS: 13442</subfield>
    <subfield code="e">Autore testo/musica</subfield>
    <subfield code="p">Tango delle capinere - Miniera - Lucciole vagabonde</subfield>
    <subfield code="9">8758</subfield>
  </datafield>
  <datafield tag="700" ind1=" " ind2=" ">
    <subfield code="a">Olivieri Dino</subfield>
    <subfield code="g">Codice autore musica SPICS: 13481</subfield>
    <subfield code="e">Autore musica</subfield>
    <subfield code="p">Incantesimo</subfield>
    <subfield code="9">8759</subfield>
  </datafield>
  <datafield tag="700" ind1=" " ind2=" ">
    <subfield code="a">Deani</subfield>
    <subfield code="g">Codice autore testo/musica SPICS: 15660</subfield>
    <subfield code="e">Autore testo/musica</subfield>
    <subfield code="p">Incantesimo</subfield>
    <subfield code="9">8760</subfield>
  </datafield>
  <datafield tag="700" ind1=" " ind2=" ">
    <subfield code="a">Galdieri Michele</subfield>
    <subfield code="g">Codice autore musica SPICS: 13370</subfield>
    <subfield code="e">Autore musica</subfield>
    <subfield code="p">Tipi tipitin</subfield>
    <subfield code="9">8761</subfield>
  </datafield>
  <datafield tag="700" ind1=" " ind2=" ">
    <subfield code="a">Grever Maria</subfield>
    <subfield code="g">Codice autore testo/musica SPICS: 13517</subfield>
    <subfield code="e">Autore testo/musica</subfield>
    <subfield code="p">Tipi tipitin</subfield>
    <subfield code="9">8762</subfield>
  </datafield>
  <datafield tag="700" ind1=" " ind2=" ">
    <subfield code="a">Ripp</subfield>
    <subfield code="g">Codice autore testo/musica SPICS: 13436</subfield>
    <subfield code="e">Autore testo/musica</subfield>
    <subfield code="p">Creola</subfield>
    <subfield code="9">8763</subfield>
  </datafield>
  <datafield tag="700" ind1=" " ind2=" ">
    <subfield code="a">Scotto</subfield>
    <subfield code="g">Codice autore musica SPICS: 26024</subfield>
    <subfield code="e">Autore musica</subfield>
    <subfield code="p">Catalinetta bella (Cicci)</subfield>
    <subfield code="9">8764</subfield>
  </datafield>
  <datafield tag="700" ind1=" " ind2=" ">
    <subfield code="a">Valabrega Cesare</subfield>
    <subfield code="g">Codice autore testo/musica SPICS: 13589</subfield>
    <subfield code="e">Autore testo/musica</subfield>
    <subfield code="p">Catalinetta bella (Cicci)</subfield>
    <subfield code="9">8765</subfield>
  </datafield>
  <datafield tag="700" ind1=" " ind2=" ">
    <subfield code="a">Di Chiara Vincenzo</subfield>
    <subfield code="g">Codice autore testo/musica SPICS: 13434</subfield>
    <subfield code="e">Autore testo/musica</subfield>
    <subfield code="p">La spagnola</subfield>
    <subfield code="9">8766</subfield>
  </datafield>
  <datafield tag="700" ind1=" " ind2=" ">
    <subfield code="a">Bracchi Alfredo</subfield>
    <subfield code="g">Codice autore musica SPICS: 13448</subfield>
    <subfield code="e">Autore musica</subfield>
    <subfield code="p">Ti parler&#xF2; d'amor</subfield>
    <subfield code="9">8767</subfield>
  </datafield>
  <datafield tag="700" ind1=" " ind2=" ">
    <subfield code="a">Martinelli Ferruccio</subfield>
    <subfield code="g">Codice autore testo/musica SPICS: 15762</subfield>
    <subfield code="e">Autore testo/musica</subfield>
    <subfield code="p">Ti parler&#xF2; d'amor</subfield>
    <subfield code="9">8768</subfield>
  </datafield>
  <datafield tag="700" ind1=" " ind2=" ">
    <subfield code="a">Riviere</subfield>
    <subfield code="g">Codice autore musica SPICS: 22959</subfield>
    <subfield code="e">Autore musica</subfield>
    <subfield code="p">Tango delle rose</subfield>
    <subfield code="9">8769</subfield>
  </datafield>
  <datafield tag="700" ind1=" " ind2=" ">
    <subfield code="a">Schreier</subfield>
    <subfield code="g">Codice autore SPICS: 15832</subfield>
    <subfield code="e">Autore</subfield>
    <subfield code="p">Tango delle rose</subfield>
    <subfield code="9">8770</subfield>
  </datafield>
  <datafield tag="700" ind1=" " ind2=" ">
    <subfield code="a">Bottero</subfield>
    <subfield code="g">Codice autore testo/musica SPICS: 25252</subfield>
    <subfield code="e">Autore testo/musica</subfield>
    <subfield code="p">Tango delle rose</subfield>
    <subfield code="9">8771</subfield>
  </datafield>
  <datafield tag="700" ind1=" " ind2=" ">
    <subfield code="a">Himmel F.H.</subfield>
    <subfield code="g">Codice autore musica SPICS: 16496</subfield>
    <subfield code="e">Autore musica</subfield>
    <subfield code="p">Notte senza luna</subfield>
    <subfield code="9">8772</subfield>
  </datafield>
  <datafield tag="700" ind1=" " ind2=" ">
    <subfield code="a">Frati Enrico</subfield>
    <subfield code="g">Codice autore testo/musica SPICS: 13443</subfield>
    <subfield code="e">Autore testo/musica</subfield>
    <subfield code="p">Notte senza luna</subfield>
    <subfield code="9">8773</subfield>
  </datafield>
  <datafield tag="700" ind1=" " ind2=" ">
    <subfield code="a">Redi Bruno</subfield>
    <subfield code="g">Codice autore testo/musica SPICS: 18094</subfield>
    <subfield code="e">Autore testo/musica</subfield>
    <subfield code="p">La mazurka di Carolina</subfield>
    <subfield code="9">8774</subfield>
  </datafield>
  <datafield tag="700" ind1=" " ind2=" ">
    <subfield code="a">Padilla</subfield>
    <subfield code="g">Codice autore musica SPICS: 14011</subfield>
    <subfield code="e">Autore musica</subfield>
    <subfield code="p">La violetera</subfield>
    <subfield code="9">8775</subfield>
  </datafield>
  <datafield tag="700" ind1=" " ind2=" ">
    <subfield code="a">Montesinos</subfield>
    <subfield code="g">Codice autore SPICS: 26702</subfield>
    <subfield code="e">Autore</subfield>
    <subfield code="p">La violetera</subfield>
    <subfield code="9">8776</subfield>
  </datafield>
  <datafield tag="700" ind1=" " ind2=" ">
    <subfield code="a">Lombardo</subfield>
    <subfield code="g">Codice autore testo/musica SPICS: 22820</subfield>
    <subfield code="e">Autore testo/musica</subfield>
    <subfield code="p">La violetera</subfield>
    <subfield code="9">8777</subfield>
  </datafield>
  <datafield tag="942" ind1=" " ind2=" ">
    <subfield code="c">MD</subfield>
    <subfield code="2">ddc</subfield>
  </datafield>
  <datafield tag="952" ind1=" " ind2=" ">
    <subfield code="0">0</subfield>
    <subfield code="1">0</subfield>
    <subfield code="4">0</subfield>
    <subfield code="6">24098_000000000000000</subfield>
    <subfield code="7">1</subfield>
    <subfield code="a">SPICS</subfield>
    <subfield code="b">SPICS</subfield>
    <subfield code="d">2013-10-25</subfield>
    <subfield code="l">0</subfield>
    <subfield code="o">24098</subfield>
    <subfield code="r">2013-10-25 00:00:00</subfield>
    <subfield code="w">2013-10-25</subfield>
    <subfield code="y">MD</subfield>
    <subfield code="z">Progr. Ins.: 4945 / N.Vol.: 1 / Copie: 1 - Copia rara: n.d. / date import: 01.01.2014 - By Epidotti, Trombetti, Vaglietti</subfield>
  </datafield>
</record>
